Information Systems in Business: an Introduction. (Record no. 2383)

MARC details
005 - DATE AND TIME OF LATEST TRANSACTION
control field 20250516101630.0
020 ## - INTERNATIONAL STANDARD BOOK NUMBER
International Standard Book Number 0-314-03192-8
082 ## - DEWEY DECIMAL CLASSIFICATION NUMBER
Classification number 658.403 HIC
100 ## - MAIN ENTRY--PERSONAL NAME
Author name HICKS, J. O.
245 ## - TITLE STATEMENT
Title Information Systems in Business: an Introduction.
250 ## - EDITION STATEMENT
Edition statement 2nd Ed.
260 ## - PUBLICATION, DISTRIBUTION, ETC.
Place of publication, distribution, etc. New York,
Name of publisher, distributor, etc. West Company,
Date of publication, distribution, etc. 1990.
300 ## - PHYSICAL DESCRIPTION
Extent xxvii, 550p.: ill.; figure, picture, table,
Other physical details Glossary & Index
Dimensions 25cm
942 ## - ADDED ENTRY ELEMENTS (KOHA)
Source of classification or shelving scheme Dewey Decimal Classification
Koha item type Books
Holdings
Date last seen Total checkouts Full call number Barcode Cost, replacement price Price effective from Koha item type Lost status Source of classification or shelving scheme Damaged status Not for loan Withdrawn status Home library Current library Shelving location Date acquired Cost, normal purchase price
05/16/2025   658.403 HIC 0000008978 30000.00 05/16/2025 Books   Dewey Decimal Classification       College of Business Education Main Library College of Business Education Main Library General Collection 02/21/1997 10000.00
05/16/2025   658.403 HIC 0000008984 30000.00 05/16/2025 Books   Dewey Decimal Classification       College of Business Education Main Library College of Business Education Main Library General Collection 02/21/1997 10000.00